000 00694nam a2200169Ia 4500
008 090711s9999 xx 000 0 und d
082 _b8672
100 _aमाडखोलकर गजानन त्र्यं.
245 _aमराठी साहित्य दर्शन (पुष्प 2)
260 _c1959
300 _a148
600 _aमाडखोलकर गजानन त्र्यं.
630 _aमराठी साहित्य दर्शन (पुष्प 2)
700 _aमाडखोलकर गजानन त्र्यं.
730 _aमराठी साहित्य दर्शन (पुष्प 2)
942 _cBOOK
999 _c315374
_d315374